A coward's guide to witnessing (Record no. 5843)

MARC details
000 -LEADER
fixed length control field 00685cam a2200241 4500
001 - CONTROL NUMBER
control field 2691962
003 - CONTROL NUMBER IDENTIFIER
control field GBCCL
005 - DATE AND TIME OF LATEST TRANSACTION
control field 20241126110551.0
008 - FIXED-LENGTH DATA ELEMENTS--GENERAL INFORMATION
fixed length control field 720511s1972 ilua 000 0 eng
010 ## -
-- 75189627
040 ## - CATALOGING SOURCE
Original cataloging agency DLC
Transcribing agency DLC
Modifying agency DLC
050 00 -
-- BV4520
-- .A54
082 00 - DEWEY DECIMAL CLASSIFICATION NUMBER
Classification number 248.5
Item number AND
100 1# - MAIN ENTRY--PERSONAL NAME
Personal name Anderson, Ken,
Dates associated with a name 1917-2006.
9 (RLIN) 10582
245 12 - TITLE STATEMENT
Title A coward's guide to witnessing
Statement of responsibility, etc. [by] Ken Anderson.
250 ## - EDITION STATEMENT
Edition statement [1st ed.]
260 ## - PUBLICATION, DISTRIBUTION, ETC.
Place of publication, distribution, etc. Carol Stream, Ill.,
Name of publisher, distributor, etc. Creation House
Date of publication, distribution, etc. [1972]
300 ## - PHYSICAL DESCRIPTION
Extent 157 p.
Other physical details illus.
Dimensions 22 cm.
350 ## - PRICE (NR) (BK AM CF MU VM SE) [OBSOLETE]
Price $3.95
650 #0 - SUBJECT ADDED ENTRY--TOPICAL TERM
Topical term or geographic name entry element Witness-bearing (Christianity)
9 (RLIN) 428
906 ## - LOCAL DATA ELEMENT F, LDF (RLIN)
a 7
b cbc
c orignew
d 2
e ncip
f 19
g y-gencatlg
942 ## - ADDED ENTRY ELEMENTS (KOHA)
Source of classification or shelving scheme Dewey Decimal Classification
Koha item type Books
Holdings
Withdrawn status Lost status Source of classification or shelving scheme Damaged status Not for loan Home library Current Library Shelving location Date acquired Total checkouts Full call number Barcode Date last seen Copy number Price effective from Koha item type
    Dewey Decimal Classification     GRACE BIBLE COLLEGE GRACE BIBLE COLLEGE Ministry & Mission 2018-04-10   248.5 AND 004539 2025-05-01 c.1 2018-04-10 Books
© Grace Bible College Library 2025